000
00324 a2200157 4500
001
70691
020
_a
97899366097
040
_c
Anchieta - Itaigara
100
_a
Tavares, Luís Henrique Dias
240
1
0
_a
Bahia, 1798
_l
por
245
1
0
_a
Bahia, 1798
300
_a
40
362
0
_a
2010
650
4
_a
Bahia
942
_c
BK
999
_c
70691
_d
70691